NBA Starting Shooting Guards 2000s - Statistics

General Stats
  • This quiz has been taken 215 times
    194 since last reset
  • The average score is 195 of 294
Answer Stats
TEAM SEASON FIRST NAME LAST NAME % Correct
Boston 2004-05 Tony Allen
96%
Boston 2007-08 Ray Allen
96%
Boston 2008-09 Ray Allen
96%
Boston 2009-10 Ray Allen
96%
Milwaukee 2000-01 Ray Allen
96%
Milwaukee 2001-02 Ray Allen
96%
Milwaukee 2002-03 Ray Allen
96%
Oklahoma City (Seattle) 2003-04 Ray Allen
96%
Oklahoma City (Seattle) 2004-05 Ray Allen
96%
Oklahoma City (Seattle) 2005-06 Ray Allen
96%
Oklahoma City (Seattle) 2006-07 Ray Allen
96%
New Jersey 2004-05 Vince Carter
95%
New Jersey 2005-06 Vince Carter
95%
New Jersey 2006-07 Vince Carter
95%
New Jersey 2007-08 Vince Carter
95%
New Jersey 2008-09 Vince Carter
95%
Orlando 2009-10 Vince Carter
95%
Atlanta 2001-02 DerMarr Johnson
95%
Atlanta 2005-06 Joe Johnson
95%
Atlanta 2006-07 Joe Johnson
95%
Atlanta 2007-08 Joe Johnson
95%
Atlanta 2008-09 Joe Johnson
95%
Atlanta 2009-10 Joe Johnson
95%
Boston 2001-02 Joe Johnson
95%
Phoenix 2003-04 Joe Johnson
95%
Phoenix 2004-05 Joe Johnson
95%
LA Lakers 2000-01 Kobe Bryant
94%
LA Lakers 2001-02 Kobe Bryant
94%
LA Lakers 2002-03 Kobe Bryant
94%
LA Lakers 2003-04 Kobe Bryant
94%
LA Lakers 2004-05 Kobe Bryant
94%
LA Lakers 2005-06 Kobe Bryant
94%
LA Lakers 2006-07 Kobe Bryant
94%
LA Lakers 2007-08 Kobe Bryant
94%
LA Lakers 2008-09 Kobe Bryant
94%
LA Lakers 2009-10 Kobe Bryant
94%
Miami 2003-04 Dwyane Wade
94%
Miami 2004-05 Dwyane Wade
94%
Miami 2005-06 Dwyane Wade
94%
Miami 2006-07 Dwyane Wade
94%
Miami 2007-08 Dwyane Wade
94%
Miami 2008-09 Dwyane Wade
94%
Miami 2009-10 Dwyane Wade
94%
New York 2009-10 Tracy McGrady
93%
Orlando 2000-01 Tracy McGrady
93%
Orlando 2001-02 Tracy McGrady
93%
Orlando 2002-03 Tracy McGrady
93%
Orlando 2003-04 Tracy McGrady
93%
Indiana 2000-01 Reggie Miller
93%
Indiana 2001-02 Reggie Miller
93%
Indiana 2002-03 Reggie Miller
93%
Indiana 2003-04 Reggie Miller
93%
Indiana 2004-05 Reggie Miller
93%
Memphis (Vancouver) 2003-04 Mike Miller
93%
Memphis (Vancouver) 2004-05 Mike Miller
93%
Memphis (Vancouver) 2006-07 Mike Miller
93%
Memphis (Vancouver) 2007-08 Mike Miller
93%
New Orleans 2004-05 J.R. Smith
93%
San Antonio 2001-02 Steve Smith
93%
Toronto 2009-10 DeMar DeRozan
89%
Denver 2006-07 Allen Iverson
88%
Denver 2007-08 Allen Iverson
88%
Philadelphia 2000-01 Allen Iverson
88%
Philadelphia 2001-02 Allen Iverson
88%
Philadelphia 2002-03 Allen Iverson
88%
Philadelphia 2003-04 Allen Iverson
88%
San Antonio 2003-04 Manu Ginobili
87%
San Antonio 2004-05 Manu Ginobili
87%
San Antonio 2005-06 Manu Ginobili
87%
San Antonio 2006-07 Manu Ginobili
87%
Detroit 2002-03 Richard Hamilton
87%
Detroit 2003-04 Richard Hamilton
87%
Detroit 2004-05 Richard Hamilton
87%
Detroit 2005-06 Richard Hamilton
87%
Detroit 2006-07 Richard Hamilton
87%
Detroit 2007-08 Richard Hamilton
87%
Detroit 2008-09 Richard Hamilton
87%
Detroit 2009-10 Richard Hamilton
87%
Washington 2000-01 Richard Hamilton
87%
Washington 2001-02 Richard Hamilton
87%
Denver 2008-09 Dahntay Jones
87%
Memphis (Vancouver) 2005-06 Eddie Jones
87%
Miami 2000-01 Eddie Jones
87%
Miami 2001-02 Eddie Jones
87%
Miami 2002-03 Eddie Jones
87%
Golden State 2001-02 Jason Richardson
87%
Golden State 2002-03 Jason Richardson
87%
Golden State 2003-04 Jason Richardson
87%
Golden State 2004-05 Jason Richardson
87%
Golden State 2005-06 Jason Richardson
87%
Golden State 2006-07 Jason Richardson
87%
New York 2005-06 Quentin Richardson
87%
New York 2006-07 Quentin Richardson
87%
New York 2007-08 Quentin Richardson
87%
New York 2008-09 Quentin Richardson
87%
Phoenix 2008-09 Jason Richardson
87%
Phoenix 2009-10 Jason Richardson
87%
Boston 2002-03 Eric Williams
87%
Cleveland 2003-04 Eric Williams
87%
Utah 2006-07 Deron Williams
87%
Dallas 2009-10 Caron Butler
85%
New Orleans 2008-09 Rasual Butler
85%
Washington 2005-06 Caron Butler
85%
Washington 2006-07 Caron Butler
85%
Washington 2007-08 Caron Butler
85%
Washington 2008-09 Caron Butler
85%
Washington 2009-10 Caron Butler
85%
Atlanta 2003-04 Stephen Jackson
85%
Charlotte 2009-10 Stephen Jackson
85%
Indiana 2005-06 Stephen Jackson
85%
San Antonio 2002-03 Stephen Jackson
85%
Cleveland 2008-09 Delonte West
85%
Golden State 2007-08 Monta Ellis
84%
Golden State 2009-10 Monta Ellis
84%
Chicago 2005-06 Ben Gordon
81%
Chicago 2006-07 Ben Gordon
81%
Chicago 2007-08 Ben Gordon
81%
Chicago 2008-09 Ben Gordon
81%
LA Clippers 2008-09 Eric Gordon
81%
LA Clippers 2009-10 Eric Gordon
81%
Indiana 2006-07 Danny Granger
81%
Indiana 2007-08 Danny Granger
81%
Indiana 2008-09 Danny Granger
81%
Indiana 2009-10 Danny Granger
81%
Memphis (Vancouver) 2008-09 O.J. Mayo
79%
Memphis (Vancouver) 2009-10 O.J. Mayo
79%
Houston 2006-07 Shane Battier
78%
Houston 2007-08 Shane Battier
78%
Houston 2008-09 Shane Battier
78%
Houston 2009-10 Shane Battier
78%
New York 2000-01 Allan Houston
78%
New York 2001-02 Allan Houston
78%
New York 2002-03 Allan Houston
78%
New York 2003-04 Allan Houston
78%
Phoenix 2001-02 Anfernee Hardaway
76%
Phoenix 2002-03 Anfernee Hardaway
76%
Chicago 2004-05 Kirk Hinrich
76%
Chicago 2009-10 Kirk Hinrich
76%
New Jersey 2009-10 Courtney Lee
76%
Orlando 2008-09 Courtney Lee
76%
Milwaukee 2003-04 Michael Redd
76%
Milwaukee 2004-05 Michael Redd
76%
Milwaukee 2005-06 Michael Redd
76%
Milwaukee 2007-08 Michael Redd
76%
Portland 2006-07 Brandon Roy
73%
Portland 2007-08 Brandon Roy
73%
Portland 2008-09 Brandon Roy
73%
Portland 2009-10 Brandon Roy
73%
Chicago 2003-04 Jamal Crawford
71%
Golden State 2008-09 Jamal Crawford
71%
New York 2004-05 Jamal Crawford
71%
Dallas 2001-02 Michael Finley
70%
Dallas 2002-03 Michael Finley
70%
Dallas 2003-04 Michael Finley
70%
Dallas 2004-05 Michael Finley
70%
San Antonio 2007-08 Michael Finley
70%
Detroit 2000-01 Jerry Stackhouse
70%
Detroit 2001-02 Jerry Stackhouse
70%
Washington 2002-03 Jerry Stackhouse
70%
Charlotte 2008-09 Raja Bell
67%
Milwaukee 2006-07 Charlie Bell
67%
Milwaukee 2009-10 Charlie Bell
67%
Phoenix 2005-06 Raja Bell
67%
Phoenix 2006-07 Raja Bell
67%
Phoenix 2007-08 Raja Bell
67%
Oklahoma City (Seattle) 2008-09 Thabo Sefolosha
65%
Oklahoma City (Seattle) 2009-10 Thabo Sefolosha
65%
Sacramento 2000-01 Doug Christie
64%
Sacramento 2001-02 Doug Christie
64%
Sacramento 2002-03 Doug Christie
64%
Sacramento 2003-04 Doug Christie
64%
Charlotte 2005-06 Raymond Felton
64%
Dallas 2006-07 Devin Harris
64%
Dallas 2007-08 Devin Harris
64%
New Jersey 2000-01 Lucious Harris
64%
Philadelphia 2009-10 Andre Iguodala
64%
Philadelphia 2004-05 Kyle Korver
64%
Philadelphia 2005-06 Kyle Korver
64%
Oklahoma City (Seattle) 2001-02 Brent Barry
63%
Oklahoma City (Seattle) 2002-03 Brent Barry
63%
Boston 2005-06 Ricky Davis
63%
Cleveland 2002-03 Ricky Davis
63%
Oklahoma City (Seattle) 2000-01 Emanual Davis
63%
Philadelphia 2006-07 Willie Green
61%
Philadelphia 2007-08 Willie Green
61%
Philadelphia 2008-09 Willie Green
61%
New Jersey 2001-02 Kerry Kittles
61%
New Jersey 2002-03 Kerry Kittles
61%
New Jersey 2003-04 Kerry Kittles
61%
Houston 2000-01 Cuttino Mobley
61%
Houston 2001-02 Cuttino Mobley
61%
Houston 2002-03 Cuttino Mobley
61%
Houston 2003-04 Cuttino Mobley
61%
LA Clippers 2005-06 Cuttino Mobley
61%
LA Clippers 2006-07 Cuttino Mobley
61%
Sacramento 2004-05 Cuttino Mobley
61%
Toronto 2003-04 Jalen Rose
61%
Orlando 2004-05 DeShawn Stevenson
60%
Orlando 2005-06 DeShawn Stevenson
60%
Utah 2003-04 DeShawn Stevenson
60%
Sacramento 2005-06 Kevin Martin
59%
Sacramento 2006-07 Kevin Martin
59%
Sacramento 2007-08 Kevin Martin
59%
Sacramento 2008-09 Kevin Martin
59%
Cleveland 2005-06 Larry Hughes
58%
Cleveland 2006-07 Larry Hughes
58%
Golden State 2000-01 Larry Hughes
58%
Washington 2003-04 Larry Hughes
58%
Washington 2004-05 Larry Hughes
58%
Portland 2000-01 Bonzi Wells
58%
Portland 2001-02 Bonzi Wells
58%
Portland 2002-03 Bonzi Wells
58%
Utah 2007-08 Ronnie Brewer
56%
Utah 2008-09 Ronnie Brewer
56%
Utah 2009-10 Ronnie Brewer
56%
Boston 2006-07 Wally Szczerbiak
54%
Minnesota 2001-02 Wally Szczerbiak
54%
Orlando 2006-07 Grant Hill
53%
LA Clippers 2002-03 Corey Maggette
51%
LA Clippers 2003-04 Corey Maggette
51%
LA Clippers 2004-05 Corey Maggette
51%
LA Clippers 2007-08 Corey Maggette
51%
New Orleans 2007-08 Morris Petterson
47%
New Orleans 2009-10 Morris Petterson
47%
Toronto 2000-01 Morris Petterson
47%
Toronto 2001-02 Morris Petterson
47%
Toronto 2002-03 Morris Petterson
47%
Toronto 2004-05 Morris Petterson
47%
Toronto 2005-06 Morris Petterson
47%
Atlanta 2000-01 Jason Terry
47%
New Orleans 2005-06 Desmond Mason
46%
New Orleans 2006-07 Desmond Mason
46%
San Antonio 2008-09 Roger Mason
46%
Denver 2009-10 Arron Afflalo
43%
Utah 2001-02 Bryon Russell
43%
Portland 2003-04 Derek Anderson
39%
Portland 2004-05 Derek Anderson
39%
San Antonio 2000-01 Derek Anderson
39%
Milwaukee 2008-09 Richard Jefferson
39%
Charlotte 2000-01 David Wesley
36%
Charlotte 2001-02 David Wesley
36%
Houston 2004-05 David Wesley
36%
Houston 2005-06 David Wesley
36%
Charlotte 2004-05 Keith Bogans
33%
San Antonio 2009-10 Keith Bogans
33%
Phoenix 2000-01 Mario Elie
31%
Cleveland 2007-08 Sasha Pavlovic
31%
Chicago 2001-02 Trenton Hassell
28%
Chicago 2002-03 Trenton Hassell
28%
Minnesota 2003-04 Trenton Hassell
28%
Minnesota 2004-05 Trenton Hassell
28%
Minnesota 2005-06 Trenton Hassell
28%
Minnesota 2006-07 Trenton Hassell
28%
Minnesota 2008-09 Randy Foye
27%
Cleveland 2009-10 Anthony Parker
27%
Toronto 2006-07 Anthony Parker
27%
Toronto 2007-08 Anthony Parker
27%
Toronto 2008-09 Anthony Parker
27%
Minnesota 2000-01 Malik Sealy
27%
Denver 2000-01 Voshon Lenard
26%
Denver 2003-04 Voshon Lenard
26%
Cleveland 2001-02 Wesley Person
22%
Memphis (Vancouver) 2002-03 Wesley Person
22%
Dallas 2005-06 Adrian Griffin
21%
Atlanta 2002-03 Ira Newble
21%
Cleveland 2004-05 Ira Newble
21%
Minnesota 2007-08 Marko Jaric
20%
Denver 2001-02 Calbert Cheaney
19%
Utah 2002-03 Calbert Cheaney
19%
Dallas 2000-01 Howard Eisley
18%
Minnesota 2009-10 Damien Wilkins
18%
Oklahoma City (Seattle) 2007-08 Damien Wilkins
18%
Charlotte 2006-07 Matt Carroll
16%
Charlotte 2007-08 Matt Carroll
16%
Atlanta 2004-05 Josh Childress
16%
Minnesota 2002-03 Anthony Peeler
16%
Portland 2005-06 Juan Dixon
14%
Utah 2004-05 Gordan Giricek
14%
Utah 2005-06 Gordan Giricek
14%
Chicago 2000-01 Ron Mercer
14%
Boston 2000-01 Bryant Stith
14%
Memphis (Vancouver) 2000-01 Michael Dickerson
13%
Cleveland 2000-01 Matt Harpring
13%
Boston 2003-04 Jiri Welsch
13%
Orlando 2007-08 Maurice Evans
12%
LA Clippers 2000-01 Eric Piatkowski
12%
LA Clippers 2001-02 Eric Piatkowski
12%
Dallas 2008-09 Antoine Wright
10%
Sacramento 2009-10 Donte Greene
7%
Utah 2000-01 John Starks
7%
Denver 2002-03 Vincent Yarbrough
7%
Memphis (Vancouver) 2001-02 Rodney Buford
6%
Denver 2004-05 Greg Buckner
4%
Denver 2005-06 Greg Buckner
4%
No matching quizzes found
Score Distribution
Percent of People with Each Score
Percentile by Number Answered
Your Score History
You have not taken this quiz since the last reset